| 000 | 01405cam a2200289 i 4500 | ||
|---|---|---|---|
| 003 | SA-RiAUC | ||
| 005 | 20250616072939.0 | ||
| 008 | 250614s1988 su g 00000 ara c | ||
| 040 |
_aSA-RiAUC _bara _cSA-RiAUC _erda |
||
| 082 | 0 | 4 | _a252.25 |
| 090 |
_a252.25 _bا ن ص |
||
| 100 | 1 |
_aالأنصاري، إسماعيل بن محمد، _d1340-1417 هجري _eمؤلف. |
|
| 245 | 1 | 0 |
_aتصحيح حديث صلاة التراويح عشرين ركعة والرد علي الألباني في تضعيفه ؛ _bو معها، باحة التحلي بالذهب المحلي للنساء والرد على الألباني في تحريمه / _cتأليف إسماعيل بن محمد الأنصاري. |
| 250 | _aالطبعة الثالثة. | ||
| 264 | 1 |
_aالرياض : _bمكتبة الإمام الشافعي، _c1988 |
|
| 300 |
_a159 صفحة ؛ _c24 سم |
||
| 336 |
_aنص _btxt _2rdacontent _3كتاب |
||
| 337 |
_aبدون وسيط _bn _2rdamedia |
||
| 338 |
_aمجلد _bnc _2rdacarrier |
||
| 650 | 7 |
_aالحديث _xرواية _2aucsh |
|
| 650 | 7 |
_aالحديث _xالجرح والتعديل _2aucsh |
|
| 650 | 7 |
_aالحديث _xإسناد _2aucsh |
|
| 650 | 7 |
_aغريب الحديث _2aucsh |
|
| 740 | 0 | 2 | _aباحة التحلي بالذهب المحلي للنساء والرد على الألباني في تحريمه. |
| 942 |
_2ddc _cBOOK _n0 |
||
| 949 |
_aSA-JeALM _d250614 _umohamedma123 _n1 |
||
| 999 |
_c9021 _d9021 |
||